Gyergyószentmiklósi tévé

Elmentve itt :
Bibliográfiai részletek
Szerző: PÉTER Csaba
Adatforrás:Meister
Forrásdokumentuma:Művelődés. -
3 sz., 1998, 13-14 p.
Nyelv:magyar
Kulcsszavak:intézménytörténet
televízió
mass-media
Gyergyószentmiklós
SYN TV
LEADER 00442nab a2200169 i 4500
001 bibPRO00001432
008 060524s1998 xx hun
040 |a Sz1 
041 |a hun 
100 1 |a PÉTER Csaba 
245 1 0 |a Gyergyószentmiklósi tévé  |c PÉTER Csaba 
695 |a intézménytörténet 
695 |a televízió 
695 |a mass-media 
695 |a Gyergyószentmiklós 
695 |a SYN TV 
773 0 |t Művelődés. -  |g 3 sz., 1998, 13-14 p.